03274nam a2200553Ia 45000010005000000080041000050100009000460410014000550820014000692450209000832600013002923000007003055200007003126300019003196300015003386300020003536500021003736900014003947000036004087000046004447000031004907000027005219010086005489020006006349030070006409040018007109050021007289060006007499070014007559080014007699090068007839100015008519110010008669120014008769130009008909140028008999150019009279160009009469170009009559180014009649190024009785201659010029210007026619220007026689230006026759240014026819420010026959990015027053933241029s9999 xx 000 0 und d a3690 aEspañol aNO APLICA 0aImpacto de las disfunciones familiares en estudiantes del Primer Ciclo del Nivel Medio del Liceo Vespertino Profesora Mercedes Peña, Licey al Medio, Santiago, Distrito 08-03, del Año Escolar 2010-2011 aSantiago a95 a31 aImpacto Social aIncidencia aInvestigación aTerapia Familiar aElaborado easesora Féliz, José Manuel eautora Vásquez Veras, María Consuelo eautoraSantos, Orquídea  easesora Reyes, Rafael a{"1":" Vásquez Veras","2":"Santos"}b{"1":"María Consuelo","2":"Orquídea "} a2 a{"1":" Reyes","2":" Féliz"}b{"1":"Rafael","2":"José Manuel"} aMagíster en aTerapia Familiar a2 aNO APLICA aNO APLICA aUniversidad Nacional Evangélica (UNEV), Recinto Santo Domingo aNULLbNULL a["1"] aNO APLICA aNULL a05 de Diciembre de 2011 a19/07/15 12:07 aNULL aNULL aNO APLICA a["304","209","126"] aLa investigación consistió en analizar el impacto de las disfunciones familiares en estudiantes del Primer Ciclo del Nivel Medio del Liceo Vespertino Profesora Mercedes Peña, Distrito 08-03, de Licey Al Medio, Santiago, en el Periodo Escolar 2010-2011.La metodología del estudio realizado es de tipo descriptivo, documental y bibliográfico, explorativo o de campo. El universo, objeto de estudio, se compone de dos directores, nueve docentes y doscientos setenta y ocho estudiantes. En cuanto a la muestra de los maestros, se tomaron todos los que laboran en el centro, porque la población es menor de 50, igual se hizo con los directores.Las conclusiones revelan que el 100% de los padres y las madres y de los estudiantes encuestados coinciden que la familia como núcleo de la sociedad debe cumplir las funciones de la regulación sexual, reproductora, económica, afectiva, educativa y socializadora. Esto indica que los encuestados tienen bien definidos las funciones que debe cumplir la familia en la sociedad. Respondiendo entonces la pregunta 1, que cuestiona las funciones de la familia como núcleo de la sociedad.Además el 24% de los estudiantes considera que sólo la intromisión familiares, el 70% de los padres  encuestados y 14% de los estudiantes considera que la falta de comunicación. Lo que indica que consideran que no son tantos los factores, que a su opinión, inciden en la disfunción familiar, los cuales son mencionados por Guerrero Carrasco. Se le recomienda que si vienes de una familia disfuncional, no permitas que las cosas que te presenta la sociedad te robe el sueño de ser lo que quieras ser. a11 a11 a0 aNO APLICA cTesis c3690d3690